Österreichische Bands A-Z - Statistiken

Allgemein
  • Dieses Quiz wurde 184 mal gespielt
  • Das Durchschnittsergebnis liegt bei 6 aus 26
Antwortstatistiken
Buchstabe Songs Antwort % Korrekt
E Fata Morgana, Ba-Ba Banküberfall, Küss’ die Hand, schöne Frau EAV
87%
S Fürstenfeld, Irgendwann bleib i dann dort, Großvater S.T.S.
78%
O Live Is Life, Flyin’ High, Whiteland Opus
76%
W Bologna, Columbo, Bussi Baby Wanda
68%
A Freunde, Lass mi amoi no d'Sunn aufgeh' segn, Manchmal denk i no an di Austria 3
61%
B Bungalow, Maschin, Baba Bilderbuch
52%
T Oida Taunz!, Woki mit deim Popo, Guuugarutz Trackshittaz
31%
F Seit a poa Tog, Mir laungts, Who You Are Folkshilfe
25%
K Sonnentanz, Netzwerk (Falls Like Rain), Celebrate Klangkarussell
14%
P Tell Me A Poem, On The Day Before Christmas, Lucy’s Eyes Papermoon
14%
H Vo Mello bis ge Schoppornou, Life After Facebook, Vorreasso, vorkouft, as louft Holstuonarmusigbigbandclub
11%
R Energia, Wake Me Up, Kasatchok Superstar Russkaja
11%
U I bin a Volksmusikant, A Steirermadl, a Tiroler Bua, Zwoa rehbraune Augen Ursprung Buam
8%
D Lonely, Mulatschag, Plöschberger Drahdiwaberl
6%
L Mädchen im Regen, Vergiss Mich, Sag doch einfach Luttenberger*Klug
6%
G The Sound Of San Francisco, What A Feeling (Flashdance), Hardcore Vibes Global Deejays
3%
J Libertatia, Alles hin, hin, hin, Au revoir Ja, Panik
3%
C Speechless, Jazz In The House, On The Move Count Basic
2%
N Sommer in Stubenberg, Partybitch III, Raus in die Sonne Neodisco
2%
Z Ey Katharina, Ohne dich kann das kein Sommer sein, Rosen, alles gut Zweikanalton
2%
I Laut sein, Leere Gräber, Sensimilla Iriepathie
1%
M Who, Never Be Yours, Playground My Ugly Clementine
1%
V Heroes Of The Dawn, New Dawn, The Deep And The Dark Visions of Atlantis
1%
Y Zwei, Eigentlich kein HipHop, Weit weit weg Yasmo und die Klangkantine
1%
Q O Come, O Come, Emmanuel, Fare Thee Well, Cold Winter, Gloomy Winter Quadriga Consort
0%
X Seperate Ways, Read My Mind, Free Falling Xtraordinary
0%
Keine übereinstimmenden Quizze gefunden
Verteilung der Resultate
Anzahl Personen mit jedem Resultat
Perzentil nach korrekt beantworteten Fragen
Ihre Resultats-Entwicklung
Sie haben dieses Quiz noch nicht gespielt